000 00482cam a2200193ua 4500
020 _a81 85421 31 5
_c2500.00
041 _aeng
_h
082 _a635.9
_bBOS/FL
100 _aBose, T K .
245 _aFloriculture and landscaping /
_cT K Bose.
_hTextual Documents
260 _aIndia :
_bNaya prakash ,
_c1999.
300 _a757 ; .
365 _a2500.00
500 _a** Reference
504 _a
700 1 _aMaiti, R G .
942 _cBK
999 _c4249
_d4249